Belgii confederati respublica, seu, Gelriae Holland. Zeland. Traject. Fris. Transisal Groning. chorographica politicaque descriptio

Detalles Bibliográficos
Formato: Libro
Lenguaje:Undetermined
Latin
Publicado: Lugd. Batav. : ex officina Elzeviriana, 1630.
Materias:
Colección:Banco de datos
Acervo:Biblioteca Palafoxiana. Colección bibliográfica
Descripción Física:[6], 359, [6] p. ; 8°
Tema general:Historia civil
Notas:Incluye portada arquitectónica. Daños de hongos. Daños en la encuadernación. Número de localización: 24188
LEADER 00659nam a2200157Ia 4500
008 150723s9999 xx 000 0 und d
041 0 |a lat 
050 0 |a PAFX D20 B4 
245 1 0 |a Belgii confederati respublica, seu, Gelriae Holland. Zeland. Traject. Fris. Transisal Groning. chorographica politicaque descriptio 
260 |a Lugd. Batav. : ex officina Elzeviriana, 1630. 
300 |a [6], 359, [6] p. ; 8° 
500 |a Incluye portada arquitectónica. Daños de hongos. Daños en la encuadernación. Número de localización: 24188 
650 1 0 |a Historia civil 
942 |c PALALIB 
943 |g Biblioteca Palafoxiana. Colección bibliográfica 
999 |c 1051293  |d 1051293